000 00552nam a2200181Ia 4500
008 100920s9999 xx 000 0 und d
082 _b94405
_a24 न 05
100 _aमुदगल चित्रा.
245 _aही माझी भूमी.
260 _bअनघा प्रकाशन, ठाणे.
_c2005
300 _a216
_bसाधी
365 _b194
520 _aसायो.
630 _aही माझी भूमी.
650 _aसायो.
730 _aही माझी भूमी.
942 _cBOOK
999 _c734848
_d734845